BIBLIOTHÈQUE DE LA MAISON DU MEXIQUE

Logo 1 Logo 2

Cuadros parisinos (notice nᵒ 8168)

détails MARC
000 -Sello discográfico
campo de control de longitud fija 00799nam a2200265 4500
005 - Identificación de versión
campo de control 20251016084852.0
099 ## - fechas locales
Tipo de ítem Koha LIBRO
100 ## - Datos de procesamiento general
Datos de procesamiento general 20250325d2007 m y1spay5003 ba
105 ## - Campo de datos codificados: Material textual, monográfico
Datos codificados de monografía y 001gy
200 1# - Título y mención de responsabilidad
Título propio Cuadros parisinos
Designación general del material texto impreso
Primer mención de responsabilidad Honest Abe (Abraham Jaime)
210 ## - Publicación, distribución, etc.
Lugar de publicación, distribución, etc. México
Nombre del editor, distribuidor, etc. Instituto de Ciencias
Fecha de publicación, distribución, etc. 2007
215 ## - Descripción física
Designación de material específico y extensión del ítem 82 p
Dimensiones 21 cm
300 ## - Notas generales
Texto de la nota Dedicado por el autor
345 ## - Nota de información de adquisición
Fuente de adquisición/dirección de la suscripción [OBSOLETO] Donación Jesús Abraham Jaime Hernández
606 ## - Término temático usado como materia
Elemento de entrada Poesía mexicana
Subdivisión cronológica Siglo XXI
Número Koha 10519
660 ## - Código de área geográfica
Código MX
700 ## - Nombre personal - Responsabilidad primaria
Elemento de entrada Jaime Hernández
Parte del nombre distinta del elemento de entrada Jesús Abraham
Fechas 1981-
Número Koha 14003
801 ## - Fuente de origen
País FR
Agencia cm
Reglas de catalogación (convenciones descriptivas) AFNOR
900 ## -
-- 1/23727
900 ## -
-- 7100417642\080104
942 ## - ELEMENTOS DE ENTRADA SECUNDARIOS (KOHA)
Tipo de ítem Koha Livre
996 ## -
-- MEX
-- 751145101
-- MMAG
-- 012803
-- 861.5 J25C
-- 20250325LIV
Exemplaires
Estatus retirado Estado de daño Estado de pérdida Fecha de adquisición Biblioteca de origen Biblioteca actual Ubicación en estantería Código de barras Precio de reemplazo Signatura topográfica completa No para préstamo Tipo de ítem Koha Nota pública Nota no pública
      05/08/2025 Casa México Paris Casa México Paris   012803 05/08/2025 861.5 J25C   Livre 20250325LIV 751145101